<?xml version="1.0" encoding="UTF-8"?>
<record
    xmlns:xsi="http://www.w3.org/2001/XMLSchema-instance"
    xsi:schemaLocation="http://www.loc.gov/MARC21/slim http://www.loc.gov/standards/marcxml/schema/MARC21slim.xsd"
    xmlns="http://www.loc.gov/MARC21/slim">

  <leader>01766nam a2200253   4500</leader>
  <controlfield tag="003">NALT</controlfield>
  <controlfield tag="005">20251028084516.0</controlfield>
  <controlfield tag="008">251021b        th ||||| |||| 00| 0 tha d</controlfield>
  <datafield tag="040" ind1=" " ind2=" ">
    <subfield code="a">NALT</subfield>
  </datafield>
  <datafield tag="050" ind1=" " ind2=" ">
    <subfield code="a">HV 5824.Y68</subfield>
    <subfield code="b">&#xE18;522&#xE1C; 2566</subfield>
  </datafield>
  <datafield tag="100" ind1="0" ind2=" ">
    <subfield code="a">&#xE18;&#xE32;&#xE23;&#xE17;&#xE34;&#xE1E;&#xE22;&#xE4C; &#xE2A;&#xE38;&#xE20;&#xE32;&#xE17;&#xE34;&#xE15;.</subfield>
    <subfield code="9">66763</subfield>
  </datafield>
  <datafield tag="245" ind1="1" ind2="0">
    <subfield code="a">&#xE1C;&#xE25;&#xE02;&#xE2D;&#xE07;&#xE42;&#xE1B;&#xE23;&#xE41;&#xE01;&#xE23;&#xE21;&#xE01;&#xE32;&#xE23;&#xE2A;&#xE37;&#xE48;&#xE2D;&#xE2A;&#xE32;&#xE23;&#xE43;&#xE19;&#xE04;&#xE23;&#xE2D;&#xE1A;&#xE04;&#xE23;&#xE31;&#xE27;&#xE15;&#xE48;&#xE2D;&#xE01;&#xE32;&#xE23;&#xE40;&#xE2A;&#xE1E;&#xE40;&#xE2E;&#xE42;&#xE23;&#xE2D;&#xE35;&#xE19;&#xE14;&#xE49;&#xE27;&#xE22;&#xE27;&#xE34;&#xE18;&#xE35;&#xE09;&#xE35;&#xE14;&#xE02;&#xE2D;&#xE07;&#xE27;&#xE31;&#xE22;&#xE23;&#xE38;&#xE48;&#xE19;&#xE1C;&#xE39;&#xE49;&#xE15;&#xE34;&#xE14;&#xE40;&#xE2E;&#xE42;&#xE23;&#xE2D;&#xE35;&#xE19; / </subfield>
    <subfield code="c">&#xE18;&#xE32;&#xE23;&#xE17;&#xE34;&#xE1E;&#xE22;&#xE4C; &#xE2A;&#xE38;&#xE20;&#xE32;&#xE17;&#xE34;&#xE15;.</subfield>
  </datafield>
  <datafield tag="260" ind1=" " ind2=" ">
    <subfield code="a">&#xE01;&#xE23;&#xE38;&#xE07;&#xE40;&#xE17;&#xE1E;&#xE2F; :</subfield>
    <subfield code="b">&#xE08;&#xE38;&#xE2C;&#xE32;&#xE25;&#xE07;&#xE01;&#xE23;&#xE13;&#xE4C;&#xE21;&#xE2B;&#xE32;&#xE27;&#xE34;&#xE17;&#xE22;&#xE32;&#xE25;&#xE31;&#xE22;, </subfield>
    <subfield code="c">2566.</subfield>
  </datafield>
  <datafield tag="300" ind1=" " ind2=" ">
    <subfield code="a">190 &#xE2B;&#xE19;&#xE49;&#xE32; : </subfield>
    <subfield code="b">&#xE20;&#xE32;&#xE1E;&#xE1B;&#xE23;&#xE30;&#xE01;&#xE2D;&#xE1A;, &#xE15;&#xE32;&#xE23;&#xE32;&#xE07; ; </subfield>
    <subfield code="c">30 &#xE0B;&#xE21;.</subfield>
  </datafield>
  <datafield tag="505" ind1="2" ind2=" ">
    <subfield code="a">&#xE1A;&#xE17;&#xE17;&#xE35;&#xE48; 1 &#xE1A;&#xE17;&#xE19;&#xE33; --
&#xE1A;&#xE17;&#xE17;&#xE35;&#xE48; 2 &#xE40;&#xE2D;&#xE01;&#xE2A;&#xE32;&#xE23;&#xE07;&#xE32;&#xE19;&#xE27;&#xE34;&#xE08;&#xE31;&#xE22;&#xE17;&#xE35;&#xE48;&#xE40;&#xE01;&#xE35;&#xE48;&#xE22;&#xE27;&#xE02;&#xE49;&#xE2D;&#xE07; --
&#xE1A;&#xE17;&#xE17;&#xE35;&#xE48; 3 &#xE27;&#xE34;&#xE18;&#xE35;&#xE01;&#xE32;&#xE23;&#xE14;&#xE33;&#xE40;&#xE19;&#xE34;&#xE19;&#xE01;&#xE32;&#xE23;&#xE27;&#xE34;&#xE08;&#xE31;&#xE22; --
&#xE1A;&#xE17;&#xE17;&#xE35;&#xE48; 4 &#xE1C;&#xE25;&#xE01;&#xE32;&#xE23;&#xE27;&#xE34;&#xE40;&#xE04;&#xE23;&#xE32;&#xE30;&#xE2B;&#xE4C;&#xE02;&#xE49;&#xE2D;&#xE21;&#xE39;&#xE25; --
&#xE1A;&#xE17;&#xE17;&#xE35;&#xE48; 5 &#xE2A;&#xE23;&#xE38;&#xE1B;&#xE1C;&#xE25;&#xE01;&#xE32;&#xE23;&#xE27;&#xE34;&#xE08;&#xE31;&#xE22; &#xE2D;&#xE20;&#xE34;&#xE1B;&#xE23;&#xE32;&#xE22;&#xE1C;&#xE25; &#xE41;&#xE25;&#xE30;&#xE02;&#xE49;&#xE2D;&#xE40;&#xE2A;&#xE19;&#xE2D;&#xE41;&#xE19;&#xE30;.</subfield>
  </datafield>
  <datafield tag="650" ind1=" " ind2="4">
    <subfield code="a">&#xE22;&#xE32;&#xE40;&#xE2A;&#xE1E;&#xE15;&#xE34;&#xE14;&#xE01;&#xE31;&#xE1A;&#xE40;&#xE22;&#xE32;&#xE27;&#xE0A;&#xE19;</subfield>
    <subfield code="9">11525</subfield>
  </datafield>
  <datafield tag="650" ind1=" " ind2="4">
    <subfield code="a">&#xE40;&#xE22;&#xE32;&#xE27;&#xE0A;&#xE19; </subfield>
    <subfield code="x">&#xE01;&#xE32;&#xE23;&#xE43;&#xE0A;&#xE49;&#xE22;&#xE32;</subfield>
    <subfield code="9">31633</subfield>
  </datafield>
  <datafield tag="650" ind1=" " ind2="4">
    <subfield code="a">&#xE40;&#xE22;&#xE32;&#xE27;&#xE0A;&#xE19;</subfield>
    <subfield code="x">&#xE01;&#xE32;&#xE23;&#xE43;&#xE0A;&#xE49;&#xE22;&#xE32;</subfield>
    <subfield code="x">&#xE01;&#xE32;&#xE23;&#xE21;&#xE35;&#xE2A;&#xE48;&#xE27;&#xE19;&#xE23;&#xE48;&#xE27;&#xE21;&#xE02;&#xE2D;&#xE07;&#xE1A;&#xE34;&#xE14;&#xE32;&#xE21;&#xE32;&#xE23;&#xE14;&#xE32;</subfield>
    <subfield code="2">   </subfield>
    <subfield code="9">66801</subfield>
  </datafield>
  <datafield tag="942" ind1=" " ind2=" ">
    <subfield code="2">lcc</subfield>
    <subfield code="c">RSH</subfield>
  </datafield>
  <datafield tag="996" ind1=" " ind2=" ">
    <subfield code="a">jidapa.t</subfield>
    <subfield code="b">ACQSTF</subfield>
    <subfield code="c">2025-10-21</subfield>
  </datafield>
  <datafield tag="996" ind1=" " ind2=" ">
    <subfield code="a">varee.k</subfield>
    <subfield code="b">LIBSTF</subfield>
    <subfield code="c">2025-10-22</subfield>
  </datafield>
  <datafield tag="996" ind1=" " ind2=" ">
    <subfield code="a">jamriang.p</subfield>
    <subfield code="b">CATSTF	</subfield>
    <subfield code="c">2025-10-28</subfield>
  </datafield>
  <datafield tag="999" ind1=" " ind2=" ">
    <subfield code="c">107390</subfield>
    <subfield code="d">107390</subfield>
  </datafield>
  <datafield tag="998" ind1=" " ind2=" ">
    <subfield code="j">1020</subfield>
    <subfield code="k"> &#xE19;&#xE32;&#xE07;&#xE08;&#xE33;&#xE40;&#xE23;&#xE35;&#xE22;&#xE07;  &#xE23;&#xE30;&#xE27;&#xE31;&#xE07;&#xE2A;&#xE33;&#xE42;&#xE23;&#xE07;</subfield>
  </datafield>
  <datafield tag="952" ind1=" " ind2=" ">
    <subfield code="0">0</subfield>
    <subfield code="1">0</subfield>
    <subfield code="2">lcc</subfield>
    <subfield code="4">0</subfield>
    <subfield code="7">0</subfield>
    <subfield code="8">CRSH</subfield>
    <subfield code="a">NALT</subfield>
    <subfield code="b">NALT</subfield>
    <subfield code="c">RSH</subfield>
    <subfield code="d">2025-10-21</subfield>
    <subfield code="l">0</subfield>
    <subfield code="o">&#xE27; HV 5824.Y68 &#xE18;522&#xE1C; 2566</subfield>
    <subfield code="p">3961215828</subfield>
    <subfield code="r">2025-10-21 00:00:00</subfield>
    <subfield code="w">2025-10-21</subfield>
    <subfield code="y">RSH</subfield>
  </datafield>
</record>
